Room for expansion (Record no. 80578)

MARC details
000 -LEADER
fixed length control field 00878cab a22001815a 4500
001 - CONTROL NUMBER
control field L144759
008 - FIXED-LENGTH DATA ELEMENTS--GENERAL INFORMATION
fixed length control field 080808s2008 xxkd f s 000 0 eng d
035 ## - SYSTEM CONTROL NUMBER
System control number (Sirsi) u144759
041 0# - LANGUAGE CODE
Language code of text/sound track or separate title eng
110 2# - MAIN ENTRY--CORPORATE NAME
Corporate name or jurisdiction name as entry element Asia Property
9 (RLIN) 5589
245 00 - TITLE STATEMENT
Title Room for expansion
260 ## - PUBLICATION, DISTRIBUTION, ETC.
Date of publication, distribution, etc. 2008
490 ## - SERIES STATEMENT
Series statement Asia Property
Volume/sequential designation June 2008, 8-9(2)
520 ## - SUMMARY, ETC.
Summary, etc. States that India is one of the most under-supplied hotel markets in the world, explores the reasons and mentions some of the large hotel brands waiting for an opportunity to enter the market. Provides statistics for average room rates which demonstrate a rapid increase in prices and discusses high land costs and the disconnect between hotel projects being announced and actual development.
651 #4 - SUBJECT ADDED ENTRY--GEOGRAPHIC NAME
Geographic name India
690 ## - LOCAL SUBJECT ADDED ENTRY--TOPICAL TERM (OCLC, RLIN)
Topical term or geographic name as entry element PROPERTY-RESIDENTIAL PROPERTY-COMMUNAL RESIDENTIAL PROPERTY-COMMUNAL RESIDENTIAL FACILITIES
942 ## - ADDED ENTRY ELEMENTS (KOHA)
Suppress in OPAC 0
Holdings
Withdrawn status Lost status Source of classification or shelving scheme Damaged status Not for loan Home library Current library Shelving location Date acquired Total Checkouts Full call number Barcode Date last seen Copy number Price effective from Koha item type
    Dewey Decimal Classification     London London Journal article 08/08/2008   L144759 144759-1001 06/08/2019 1 06/08/2019 Journal article